Taylor Swift - Chansons de Speak Now par longueur des titres - Statistiques

Statistiques générales
  • Ce quiz a été pris 32 fois
  • Le résultat moyen est 11 sur 12
Statistiques - réponses
Nombre de
caractères
Chansons % Correct
4 Mine / Mean / Ours
100%
8 Speak Now / Dear John / Innocent / Last Kiss / Long Live / Superman / Timeless
100%
10 I Can See You / Foolish One
95%
9 Sparks Fly / Enchanted
95%
19 When Emma Falls In Love
95%
14 Back to December
90%
17 Better Than Revenge
90%
16 Castles Crumbling
90%
13 Electric Touch
90%
7 Haunted
90%
11 Never Grow Up
76%
12 The Story of Us
76%
Aucun quiz correspondant
Distribution des résultats
% des personnes avec chaque résultat
Percentile par nombre de réponses
Votre historique - résultats
Vous n’avez pas pris ce quiz